[Event "6th EICC"]
[Site "Warsaw POL"]
[Date "2005.06.18"]
[Round "1"]
[White "Balogh,C"]
[Black "Wojcicki,L"]
[Result "1-0"]
[WhiteElo "2531"]
[BlackElo "1833"]
[EventDate "2005.06.18"]

1. e4 c5 2. Nf3 d6 3. Nc3 Nf6 4. d4 cxd4 5. Qxd4 Nc6 6. Bb5 Bd7 7. Bxc6
Bxc6 8. Bg5 Qb6 9. Qxb6 axb6 10. Bxf6 gxf6 11. Nd4 Rg8 12. g3 h5 13. f3 e6
14. Rd1 Ra5 15. Kf2 d5 16. Nb3 dxe4 17. Nxa5 Bc5+ 18. Kf1 bxa5 19. Nxe4 Be7
20. Kf2 f5 21. Nd6+ 1-0

[Event "6th EICC"]
[Site "Warsaw POL"]
[Date "2005.06.18"]
[Round "1"]
[White "Winants,L"]
[Black "Szewczak,And"]
[Result "1-0"]
[WhiteElo "2535"]
[BlackElo "1995"]
[EventDate "2005.06.18"]

1. d4 Nf6 2. Bg5 h6 3. Bxf6 exf6 4. e3 d5 5. c4 c6 6. Nc3 dxc4 7. Bxc4 Be6
8. Bxe6 fxe6 9. Qh5+ Kd7 10. Nge2 Bd6 11. O-O Qe8 12. Qh3 f5 13. e4 Qg6 14.
Rad1 Ke7 15. e5 Bc7 16. Nf4 Qg4 17. Qxg4 fxg4 18. Ng6+ Ke8 19. Nxh8 g5 20.
f4 Nd7 21. fxg5 hxg5 22. Nf7 Bb6 23. Nxg5 Nxe5 24. Nxe6 Ke7 25. Nc5 Nc4 26.
Rde1+ Kd6 27. Re6+ Kc7 28. Rf7+ Kc8 29. Re8+ Bd8 30. Rd7 Nd6 31. Rexd8+ 1-0

[Event "6th EICC"]
[Site "Warsaw POL"]
[Date "2005.06.18"]
[Round "1"]
[White "Prusikin,M"]
[Black "Galazewski,T"]
[Result "1-0"]
[WhiteElo "2540"]
[BlackElo "2137"]
[EventDate "2005.06.18"]

1. d4 Nf6 2. c4 g6 3. Nc3 Bg7 4. e4 d6 5. Nf3 O-O 6. Be2 e5 7. Be3 Nc6 8.
d5 Ne7 9. Nd2 Nd7 10. O-O f5 11. f3 f4 12. Bf2 g5 13. b4 h5 14. c5 Nf6 15.
Nc4 g4 16. Nb5 g3 17. hxg3 fxg3 18. Bxg3 Ne8 19. Bh4 Qd7 20. c6 bxc6 21.
dxc6 Nxc6 22. Qd5+ Kh7 23. Na5 a6 24. Qxc6 Qxc6 25. Nxc6 axb5 26. Bxb5 Ra3
27. Rfc1 Bh6 28. Rc2 Be6 29. Nd8 Ng7 30. Rxc7 Bxa2 31. Bc4 1-0

[Event "6th EICC"]
[Site "Warsaw POL"]
[Date "2005.06.18"]
[Round "1"]
[White "Krzymowski,A"]
[Black "Cao Sang"]
[Result "0-1"]
[WhiteElo "2034"]
[BlackElo "2488"]
[EventDate "2005.06.18"]

1. e4 c5 2. Nc3 Nc6 3. Nge2 g6 4. g3 Bg7 5. Bg2 d6 6. d3 Rb8 7. Be3 Nf6 8.
h3 e5 9. Qd2 Nd4 10. Nd1 O-O 11. Nc1 d5 12. c3 Ne6 13. O-O dxe4 14. dxe4
Qxd2 15. Bxd2 Rd8 16. Be3 b6 17. Nb3 Bb7 18. Nd2 Rd3 19. f3 Nh5 20. Kh2 f5
21. Nc4 f4 22. gxf4 exf4 23. Bf2 Ba6 24. Na3 b5 25. Re1 b4 26. Nb1 Rbd8 27.
Bf1 Ng5 28. Bxd3 Nxf3+ 29. Kg2 Nxe1+ 30. Bxe1 Rxd3 31. Nf2 Rg3+ 32. Kh2 f3
33. Nd1 Rg2+ 34. Kh1 Re2 35. Bh4 Bb7 0-1

[Event "6th EICC"]
[Site "Warsaw POL"]
[Date "2005.06.18"]
[Round "1"]
[White "Swiercz,D"]
[Black "Shomoev,A"]
[Result "1/2-1/2"]
[WhiteElo "2136"]
[BlackElo "2540"]
[EventDate "2005.06.18"]

1. e4 c5 2. Nf3 d6 3. d4 cxd4 4. Nxd4 Nf6 5. f3 e6 6. c4 Be7 7. Nc3 O-O 8.
Be3 Nc6 9. Be2 d5 10. cxd5 exd5 11. Nxc6 bxc6 12. exd5 Nxd5 13. Nxd5 cxd5
14. O-O Bf6 15. Bd4 Rb8 16. Qd2 Re8 17. Rfe1 Be6 18. b3 Bxd4+ 19. Qxd4 a5
20. Rac1 Rb4 21. Qc5 h5 22. Bb5 Rf8 23. Bd3 h4 24. Qc7 a4 25. Qc5 Qb8 26.
bxa4 Rxa4 27. Bh7+ Kh8 28. Bb1 Qb4 29. Qxb4 Rxb4 30. Bc2 d4 31. Re4 g5 32.
Bb3 1/2-1/2

[Event "6th EICC"]
[Site "Warsaw POL"]
[Date "2005.06.18"]
[Round "1"]
[White "Bleis,C"]
[Black "Gagunashvili,M"]
[Result "0-1"]
[WhiteElo "2258"]
[BlackElo "2547"]
[EventDate "2005.06.18"]

1. d4 d6 2. c4 e5 3. Nf3 exd4 4. Nxd4 g6 5. g3 Bg7 6. Bg2 Ne7 7. O-O O-O 8.
Nc3 Nbc6 9. Be3 Ne5 10. b3 Ng4 11. Qd2 Nxe3 12. Qxe3 Re8 13. Qd2 Rb8 14.
Rac1 Nf5 15. Nxf5 Bxf5 16. e3 a6 17. Nd5 c6 18. Nf4 Qc7 19. Rfe1 Rbd8 20.
h3 Qb6 21. Kh2 a5 22. Bf3 Qc5 23. Ne2 Bc8 24. Bg2 Qa3 25. Nc3 Qb4 26. Red1
Bf5 27. Na4 h5 28. Bf3 Be5 29. Kg2 Kg7 30. g4 hxg4 31. hxg4 Be6 32. Qxb4
axb4 33. Nb6 Rh8 34. Rh1 g5 35. Rxh8 Rxh8 36. Rh1 Rxh1 37. Kxh1 Kf8 38. Be2
Ke7 39. Kg2 Kd8 40. e4 Bd4 41. Nd5 cxd5 42. cxd5 Bd7 43. Kf1 Kc7 44. Bd1
Kb6 45. Bf3 Kc5 46. Bd1 Bb5+ 47. Ke1 Bc3+ 0-1

[Event "6th EICC"]
[Site "Warsaw POL"]
[Date "2005.06.18"]
[Round "1"]
[White "Lupulescu,C"]
[Black "Bugajski,R"]
[Result "1-0"]
[WhiteElo "2546"]
[BlackElo "2218"]
[EventDate "2005.06.18"]

1. e4 c5 2. Nf3 e6 3. d4 cxd4 4. Nxd4 Nf6 5. Nc3 d6 6. Be3 Be7 7. f3 a6 8.
Qd2 Qc7 9. g4 h6 10. O-O-O Bd7 11. h4 Nc6 12. Bh3 Nh7 13. g5 hxg5 14. hxg5
O-O-O 15. Nxc6 Qxc6 16. Bg2 Rdg8 17. f4 Nf8 18. e5 d5 19. Nxd5 exd5 20.
Bxd5 Rxh1 21. Rxh1 Qg6 22. Qc3+ Kd8 23. Bxb7 Ke8 24. Qa5 Bb5 25. Rd1 Nd7
26. a4 Bd8 27. Qb4 Be2 28. Rxd7 Kxd7 29. f5 Qxg5 30. Qd6+ Ke8 31. Bc6+ 1-0

[Event "6th EICC"]
[Site "Warsaw POL"]
[Date "2005.06.18"]
[Round "1"]
[White "Sliwinski,M"]
[Black "Iljushin,A"]
[Result "0-1"]
[WhiteElo "2186"]
[BlackElo "2543"]
[EventDate "2005.06.18"]

1. e4 e6 2. d4 d5 3. Nc3 Nf6 4. e5 Nfd7 5. f4 c5 6. Nf3 Nc6 7. Be3 cxd4 8.
Nxd4 Bc5 9. Qd2 O-O 10. O-O-O Bxd4 11. Bxd4 a6 12. g4 b5 13. h4 b4 14. Na4
Nxd4 15. Qxd4 a5 16. g5 Ba6 17. h5 Bxf1 18. Rdxf1 Qc7 19. b3 Ra6 20. Rh2
Rc6 21. Rfh1 Rc8 22. Qd3 Nc5 23. Nxc5 Rxc5 24. Kb1 Rc3 25. Qd2 Rf3 26. g6
Qc3 27. Qg2 Rg3 28. Qf2 d4 29. h6 fxg6 30. hxg7 h5 31. Rg1 Qxc2+ 32. Qxc2
Rxg1+ 33. Kb2 Rxc2+ 34. Kxc2 Rf1 35. Rh4 Rf3 36. Kd2 Kxg7 37. Ke2 Rg3 38.
Rh2 Kh6 39. Rh1 Re3+ 40. Kf2 g5 41. fxg5+ Kxg5 42. Rd1 Re4 43. Kf3 Kf5 44.
Rc1 0-1

[Event "6th EICC"]
[Site "Warsaw POL"]
[Date "2005.06.18"]
[Round "1"]
[White "Gritsak,O"]
[Black "Krasiewicz,R"]
[Result "1-0"]
[WhiteElo "2537"]
[BlackElo "2056"]
[EventDate "2005.06.18"]

1. Nf3 d5 2. d4 Nf6 3. c4 c6 4. Qb3 dxc4 5. Qxc4 Bg4 6. Nbd2 Nbd7 7. g3 e6
8. Bg2 Be7 9. O-O O-O 10. Re1 a5 11. Ne5 Nb6 12. Qd3 a4 13. Nxg4 Nxg4 14.
Nf3 Qc7 15. Bd2 a3 16. b4 Rfd8 17. Rab1 Ra4 18. Rec1 Nd5 19. b5 c5 20. Qc2
Raa8 21. dxc5 b6 22. c6 Bc5 23. Be1 f5 24. e4 Ne7 25. exf5 exf5 26. Qb3+
Kh8 27. Ng5 Rd4 28. Rxc5 bxc5 29. b6 1-0

[Event "6th EICC"]
[Site "Warsaw POL"]
[Date "2005.06.18"]
[Round "1"]
[White "Gdanski,J"]
[Black "Godlauskas,K"]
[Result "1-0"]
[WhiteElo "2544"]
[BlackElo "2193"]
[EventDate "2005.06.18"]

1. e4 e6 2. d4 d5 3. Nd2 c5 4. exd5 exd5 5. Bb5+ Bd7 6. Bxd7+ Nxd7 7. Ne2
Ngf6 8. O-O Be7 9. dxc5 Nxc5 10. Nb3 Nce4 11. Ng3 Nxg3 12. hxg3 O-O 13. Be3
Ne4 14. Qd3 Qd7 15. Rfd1 Rfd8 16. c4 Nf6 17. Rac1 Qg4 18. c5 Qh5 19. f3 Qe5
20. g4 Qxb2 21. Nd4 Nd7 22. Nf5 Bf8 23. Qxd5 Nxc5 24. Qxd8 Rxd8 25. Rxd8
Ne6 26. Ra8 g6 27. Nh6+ Kg7 28. g5 Qe5 29. Ng4 Qg3 30. Bd2 f6 31. gxf6+ Kf7
32. Rac8 h5 33. Nf2 Bd6 34. Ne4 Qh2+ 35. Kf2 Be5 36. Bc3 Bf4 37. Rd1 g5 38.
Rd7+ Kg6 39. Rg7+ Kf5 40. f7 g4 41. Rc5+ 1-0

[Event "6th EICC"]
[Site "Warsaw POL"]
[Date "2005.06.18"]
[Round "1"]
[White "Baramidze,D"]
[Black "Kopczynski,M"]
[Result "1-0"]
[WhiteElo "2542"]
[BlackElo "2150"]
[EventDate "2005.06.18"]

1. e4 c5 2. Nf3 d6 3. d4 cxd4 4. Nxd4 Nf6 5. Nc3 g6 6. Be3 Bg7 7. f3 O-O 8.
Bc4 Nc6 9. Qd2 Bd7 10. O-O-O Qb8 11. Bb3 b5 12. Ncxb5 Rc8 13. Nxc6 Bxc6 14.
Nc3 a5 15. a4 Qb4 16. Kb1 Rab8 17. Na2 Qb7 18. Bd4 Nd7 19. Bxg7 Kxg7 20.
Qd4+ e5 21. Qxd6 Bxa4 22. Qd5 Bxb3 23. cxb3 Rc7 24. Nc1 Qb6 25. Rd2 Re8 26.
Rhd1 Nc5 27. Qc4 Ne6 28. Rd6 Qb8 29. Qd5 Nd4 30. f4 a4 31. bxa4 Nc2 32. Rd8
Rxd8 33. Qxd8 Qa7 34. fxe5 Ne3 35. Qf6+ Kh6 36. Rd3 Qxa4 37. Qh4+ Kg7 38.
Qf6+ Kh6 39. Qf4+ Kg7 40. Qxe3 Qc2+ 41. Ka2 Rb7 42. Rb3 Qc4 43. Kb1 Rxb3
44. Qxb3 Qxe4+ 45. Qc2 1-0

[Event "6th EICC"]
[Site "Warsaw POL"]
[Date "2005.06.18"]
[Round "1"]
[White "Azimi,R"]
[Black "Ftacnik,L"]
[Result "1/2-1/2"]
[WhiteElo "2144"]
[BlackElo "2540"]
[EventDate "2005.06.18"]

1. e4 d6 2. c4 Nf6 3. Nc3 e5 4. d3 g6 5. f4 Bg7 6. Nf3 Nbd7 7. g3 O-O 8.
Bg2 c6 9. O-O b5 10. cxb5 cxb5 11. h3 b4 12. Ne2 Qb6+ 13. Kh2 Bb7 14. Nd2
d5 15. fxe5 Nxe5 16. d4 Nd3 17. exd5 Nxc1 18. Rxc1 Nxd5 19. Nc4 Qa6 20. Qd2
Rae8 21. Rf2 Re6 22. b3 Rfe8 23. Bxd5 Bxd5 24. Nf4 Bh6 25. Ne5 Rd6 26. Rc5
Be6 27. Qxb4 Bxf4 28. gxf4 Red8 29. Nf3 Qd3 30. Qa3 Qb1 31. Qc1 Qe4 32. Re5
Qb7 33. Kg3 Bd5 34. Qe3 Kf8 35. f5 f6 36. Qh6+ Kg8 37. Re3 g5 38. Rfe2 Bf7
39. Nxg5 fxg5 40. f6 Be6 41. Rxe6 Rxe6 42. Rxe6 Qc7+ 43. Re5 Qc3+ 44. Kg2
Qd2+ 45. Kf1 Qd1+ 46. Kg2 Qd2+ 47. Kf1 Qd1+ 1/2-1/2

[Event "6th EICC"]
[Site "Warsaw POL"]
[Date "2005.06.18"]
[Round "1"]
[White "Gluszko,T"]
[Black "Hulak,K"]
[Result "0-1"]
[WhiteElo "1977"]
[BlackElo "2534"]
[EventDate "2005.06.18"]

1. e4 c5 2. Nf3 e6 3. d4 cxd4 4. Nxd4 a6 5. Bd3 Nf6 6. O-O d6 7. c4 Nbd7 8.
Nc3 b6 9. f4 g6 10. Be3 Bg7 11. Rc1 Bb7 12. Bb1 O-O 13. Rf2 Rc8 14. f5 Qe7
15. Bg5 h6 16. Bh4 Rxc4 17. Nb3 Ne5 18. Bd3 Rcc8 19. Qe2 b5 20. Rcf1 b4 21.
Nd1 g5 22. fxe6 fxe6 23. Bg3 Nxd3 24. Qxd3 Nxe4 25. Rxf8+ Rxf8 26. Rxf8+
Qxf8 27. Na5 Ba8 28. Be1 Nc5 29. Qe2 Qf4 30. Bg3 Bd4+ 31. Kh1 Qe4 32. Qxe4
Nxe4 33. Be1 Bd5 34. Bxb4 Bxa2 35. Nb7 Bb3 36. Bc3 Bb6 0-1

[Event "6th EICC"]
[Site "Warsaw POL"]
[Date "2005.06.18"]
[Round "1"]
[White "Bente,B"]
[Black "Sulskis,S"]
[Result "1-0"]
[WhiteElo "2218"]
[BlackElo "2545"]
[EventDate "2005.06.18"]

1. d4 d6 2. c4 e5 3. Nc3 exd4 4. Qxd4 Nf6 5. e4 g6 6. Bg5 Nbd7 7. f4 h6 8.
Bh4 c5 9. Qd3 g5 10. fxg5 Ne5 11. Qd2 Nh7 12. Nf3 Nxg5 13. Nxe5 dxe5 14.
Qxd8+ Kxd8 15. O-O-O+ Kc7 16. Bg3 Bg7 17. Rd5 f6 18. Rxc5+ Kd6 19. b4 a6
20. Be2 Ne6 21. Rd5+ Ke7 22. Rhd1 h5 23. Bf2 Nf4 24. Rc5 Nxe2+ 25. Nxe2 Bg4
26. Rc7+ Kf8 27. Kd2 Rc8 28. Bc5+ Kg8 29. Rxb7 a5 30. a3 Rh7 31. Ke1 Bh6
32. Rxh7 Kxh7 33. Rd3 h4 34. h3 Be6 35. Rc3 Kg7 36. Kf2 Kf7 37. Be3 axb4
38. axb4 Bf8 39. b5 Rxc4 40. Rxc4 Bxc4 41. b6 Ba6 42. Nc1 Ke6 43. Nb3 Kd7
44. Bc5 Bd6 45. Kf3 Bb8 46. Na5 Bd3 47. Bf2 f5 48. exf5 e4+ 49. Kg4 Bf1 50.
f6 Bd6 51. Kxh4 Bxg2 52. Bg3 Bc5 53. b7 1-0

[Event "6th EICC"]
[Site "Warsaw POL"]
[Date "2005.06.18"]
[Round "1"]
[White "Rutkowski,M"]
[Black "Markowski,T"]
[Result "1/2-1/2"]
[WhiteElo "2346"]
[BlackElo "2560"]
[EventDate "2005.06.18"]

1. e4 c5 2. Nf3 e6 3. d4 cxd4 4. Nxd4 a6 5. c4 Nf6 6. Nc3 Qc7 7. a3 Be7 8.
Be2 O-O 9. Be3 Nc6 10. O-O d6 11. Rc1 Nxd4 12. Qxd4 Bd7 13. Rfd1 Qb8 14.
Qd3 Bc6 15. f3 Rd8 16. b4 Be8 17. Qb1 b5 18. Qb3 Qb7 19. a4 bxc4 20. Bxc4
Rab8 21. b5 axb5 22. axb5 Kf8 23. Ra1 d5 24. exd5 exd5 25. Nxd5 Nxd5 26.
Bxd5 Qxb5 27. Qxb5 Rxb5 28. Bc4 Rxd1+ 29. Rxd1 Rb4 30. Bd5 h5 31. Rc1 Rb5
32. Bc6 Bxc6 1/2-1/2

[Event "6th EICC"]
[Site "Warsaw POL"]
[Date "2005.06.18"]
[Round "1"]
[White "Kadziolka,B"]
[Black "Kuzubov,Y"]
[Result "1/2-1/2"]
[WhiteElo "2311"]
[BlackElo "2558"]
[EventDate "2005.06.18"]

1. d4 d5 2. c4 c6 3. e3 Nf6 4. Nc3 e6 5. Nf3 Nbd7 6. Qc2 Bd6 7. e4 e5 8.
cxd5 cxd5 9. dxe5 Nxe5 10. Nxe5 Bxe5 11. Nxd5 Nxd5 12. Qc5 Qd6 13. Qxd6
Bxd6 14. exd5 O-O 15. Be2 Re8 16. Be3 Bb4+ 17. Kd1 Bf5 18. Bf3 Rac8 19. Rc1
1/2-1/2

[Event "6th EICC"]
[Site "Warsaw POL"]
[Date "2005.06.18"]
[Round "1"]
[White "Haznedaroglu,K"]
[Black "Petrosian,TL"]
[Result "0-1"]
[WhiteElo "2440"]
[BlackElo "2599"]
[EventDate "2005.06.18"]

1. e4 d6 2. d4 g6 3. Nc3 Nf6 4. Be3 c6 5. f3 b5 6. Qd2 Nbd7 7. Nge2 Nb6 8.
b3 Qc7 9. g4 h5 10. g5 Nfd7 11. h4 Bg7 12. Bg2 b4 13. Nd1 c5 14. a3 Ba6 15.
Bf1 O-O 16. axb4 Bxe2 17. Bxe2 cxd4 18. Bxd4 Bxd4 19. Qxd4 Qxc2 20. Qe3
Rfc8 21. O-O d5 22. Rf2 Qc7 23. f4 dxe4 24. Qxe4 e6 25. Ba6 Rd8 26. Rc2 Qd6
27. Ne3 Nd5 28. Nxd5 exd5 29. Qd4 Rab8 30. b5 Nf8 31. Rc6 Qd7 32. Rc2 Qg4+
33. Rg2 Qxh4 34. Rf1 Rb6 35. Qd2 Ne6 36. Rff2 Ng7 37. Qc3 Re8 38. Qc1 Rbe6
0-1

[Event "6th EICC"]
[Site "Warsaw POL"]
[Date "2005.06.18"]
[Round "1"]
[White "Lagowski,P"]
[Black "Huzman,A"]
[Result "0-1"]
[WhiteElo "2393"]
[BlackElo "2577"]
[EventDate "2005.06.18"]

1. d4 Nf6 2. c4 e6 3. Nf3 d5 4. Nc3 c6 5. e3 a6 6. Bd3 dxc4 7. Bxc4 c5 8.
O-O b5 9. Bb3 Bb7 10. Qe2 Nbd7 11. Rd1 Qc7 12. e4 cxd4 13. Nxd4 Bc5 14. Bg5
O-O 15. Bxf6 Nxf6 16. e5 Nd7 17. Nxe6 fxe6 18. Bxe6+ Kh8 19. Rxd7 Rxf2 20.
Qxf2 Bxf2+ 21. Kxf2 Qb6+ 22. Kf1 Qxe6 23. Rxb7 Rf8+ 24. Kg1 Qc6 0-1

[Event "6th EICC"]
[Site "Warsaw POL"]
[Date "2005.06.18"]
[Round "1"]
[White "Areshchenko,A"]
[Black "Jones,G"]
[Result "1/2-1/2"]
[WhiteElo "2595"]
[BlackElo "2439"]
[EventDate "2005.06.18"]

1. e4 c5 2. Nf3 d6 3. d4 cxd4 4. Nxd4 Nf6 5. Nc3 g6 6. Be3 Bg7 7. f3 a6 8.
Qd2 Nbd7 9. Bh6 Bxh6 10. Qxh6 b5 11. O-O-O Bb7 12. g4 Rc8 13. Qe3 Qb6 14.
g5 Nh5 15. Bh3 e5 16. Bxd7+ Kxd7 17. Nf5 Qxe3+ 18. Nxe3 Nf4 19. Rd2 Ke7 20.
Rhd1 Rcd8 21. a4 Bc6 22. Na2 h6 23. Nb4 Bb7 24. axb5 axb5 25. c4 bxc4 26.
Nxc4 hxg5 27. Nxd6 Ba8 28. Nc4 Rxd2 29. Rxd2 Rc8 30. b3 Rb8 31. Nc2 Rxb3
32. Nxe5 f6 33. Nd4 Rc3+ 34. Kb2 Rc8 35. Ng4 Ne6 36. Nc2 f5 37. Ne5 fxe4
38. Rd7+ Ke8 39. Rd6 Ke7 40. Rd7+ Ke8 41. Rd6 Ke7 1/2-1/2

[Event "6th EICC"]
[Site "Warsaw POL"]
[Date "2005.06.18"]
[Round "1"]
[White "Guseinov,G"]
[Black "Babujian,L"]
[Result "1-0"]
[WhiteElo "2573"]
[BlackElo "2386"]
[EventDate "2005.06.18"]

1. e4 e5 2. Nf3 Nc6 3. Bb5 Nf6 4. d4 exd4 5. e5 Ng4 6. O-O d6 7. Nxd4 Ngxe5
8. f4 a6 9. Ba4 b5 10. Bb3 Qh4 11. Bd5 Bg4 12. Qd2 Nxd4 13. Qxd4 c6 14.
fxe5 cxd5 15. h3 h5 16. Nc3 Rc8 17. Qf4 dxe5 18. Qxf7+ Kd8 19. Qxd5+ Bd7
20. Ne4 Be7 21. Be3 Rxc2 22. Bb6+ 1-0

[Event "6th EICC"]
[Site "Warsaw POL"]
[Date "2005.06.18"]
[Round "1"]
[White "Siebrecht,S"]
[Black "Pavasovic,D"]
[Result "1-0"]
[WhiteElo "2438"]
[BlackElo "2593"]
[EventDate "2005.06.18"]

1. d4 d5 2. Nf3 Nf6 3. c4 e6 4. Nc3 c6 5. e3 Nbd7 6. Qc2 Bd6 7. g4 h6 8.
Bd2 dxc4 9. Bxc4 b5 10. Bb3 Bb7 11. Rg1 Qe7 12. e4 b4 13. e5 bxc3 14. Bxc3
c5 15. exd6 Qxd6 16. dxc5 Nxc5 17. Rd1 Qe7 18. Ba4+ Kf8 19. Be5 Nd5 20. g5
hxg5 21. Nxg5 f6 22. Qxc5 Rh5 23. Bd4 1-0

[Event "6th EICC"]
[Site "Warsaw POL"]
[Date "2005.06.18"]
[Round "1"]
[White "Bednarek,S"]
[Black "Nataf,IA"]
[Result "0-1"]
[WhiteElo "2321"]
[BlackElo "2559"]
[EventDate "2005.06.18"]

1. e4 c5 2. Nf3 g6 3. d4 Bg7 4. dxc5 Qa5+ 5. c3 Qxc5 6. Be3 Qa5 7. Nbd2 Nf6
8. h3 O-O 9. Nc4 Qd8 10. e5 Ne8 11. Qd5 Nc6 12. O-O-O Nc7 13. Qe4 b5 14.
Ncd2 Bb7 15. Bg5 Ne6 16. Bxb5 Qb6 17. Bxc6 Bxc6 18. Qe3 Nxg5 19. Qxg5 Rab8
20. Nb3 Qa6 21. Nbd4 Qxa2 22. b4 Be4 23. Qe3 Rxb4 24. Qxe4 0-1

[Event "6th EICC"]
[Site "Warsaw POL"]
[Date "2005.06.18"]
[Round "1"]
[White "Michalczak,T"]
[Black "Wojtaszek,R"]
[Result "1-0"]
[WhiteElo "2369"]
[BlackElo "2569"]
[EventDate "2005.06.18"]

1. e4 c5 2. c3 Nf6 3. e5 Nd5 4. Nf3 e6 5. d4 cxd4 6. cxd4 d6 7. Bc4 Nb6 8.
Bb3 dxe5 9. Nxe5 Nc6 10. Nf3 Be7 11. Nc3 O-O 12. O-O Nb4 13. Re1 Bd7 14. a3
N4d5 15. Nxd5 exd5 16. Ne5 Be6 17. Bc2 Qc8 18. Qd3 g6 19. Qe2 Re8 20. Bh6
Bf5 21. Rac1 Bxc2 22. Rxc2 Qf5 23. Rc7 Bd6 24. Rxb7 Qc8 25. Qf3 Qxb7 26.
Qf6 Bf8 27. Bxf8 Rxf8 28. Ng4 h5 29. Nh6+ Kh7 30. Nf5 gxf5 31. Qxf5+ Kh6
32. Qf6+ Kh7 33. Re5 1-0

[Event "6th EICC"]
[Site "Warsaw POL"]
[Date "2005.06.18"]
[Round "1"]
[White "Dziuba,M"]
[Black "Stocek,J"]
[Result "1-0"]
[WhiteElo "2429"]
[BlackElo "2585"]
[EventDate "2005.06.18"]

1. d4 Nf6 2. c4 e6 3. Nf3 Bb4+ 4. Nbd2 b6 5. a3 Bxd2+ 6. Bxd2 h6 7. g3 Bb7
8. Bg2 O-O 9. O-O Be4 10. b4 Re8 11. Rc1 d6 12. Bc3 Nbd7 13. Nd2 Bxg2 14.
Kxg2 c5 15. e3 Rc8 16. Qf3 Qc7 17. Rfd1 cxd4 18. Bxd4 a6 19. e4 Qb8 20. Qd3
b5 21. Bb2 Red8 22. Rc2 Ne5 23. Qe2 Ned7 24. Rdc1 Qb7 25. Qf3 e5 26. Qd3
bxc4 27. Rxc4 d5 28. exd5 Nxd5 29. Qf3 Rxc4 30. Nxc4 f6 31. Na5 1-0

[Event "6th EICC"]
[Site "Warsaw POL"]
[Date "2005.06.18"]
[Round "1"]
[White "Izoria,Z"]
[Black "Thorfinnsson,Br"]
[Result "1/2-1/2"]
[WhiteElo "2602"]
[BlackElo "2442"]
[EventDate "2005.06.18"]

1. c4 Nf6 2. Nc3 d5 3. cxd5 Nxd5 4. Nf3 g6 5. e4 Nxc3 6. bxc3 Bg7 7. d4 c5
8. Rb1 O-O 9. Be2 Nc6 10. d5 Ne5 11. Nxe5 Bxe5 12. Qd2 e6 13. f4 Bc7 14.
O-O exd5 15. exd5 Ba5 16. Rb3 b6 17. Ra3 Rb8 18. Rxa5 bxa5 19. c4 Qf6 20.
Ba3 Re8 21. Bf3 Rb4 22. Bxb4 axb4 23. d6 Rd8 24. Rd1 Be6 25. Qe3 Qc3 26.
Qxc5 Qxc4 27. Qxa7 Qxf4 28. Qb6 Qf6 29. Rd2 Qg5 30. Qd4 b3 31. axb3 Bxb3
32. h4 Qg3 33. Qf2 Qxf2+ 34. Kxf2 Kg7 35. Ke3 Kf6 36. Kf4 h5 37. Rd3
1/2-1/2

[Event "6th EICC"]
[Site "Warsaw POL"]
[Date "2005.06.18"]
[Round "1"]
[White "Moranda,W"]
[Black "Jakovenko,D"]
[Result "1/2-1/2"]
[WhiteElo "2452"]
[BlackElo "2608"]
[EventDate "2005.06.18"]

1. d4 d5 2. c4 c6 3. Nc3 Nf6 4. Nf3 a6 5. c5 Nbd7 6. Bf4 Nh5 7. Bd2 Nhf6 8.
Bf4 Nh5 9. Bd2 g6 10. e4 dxe4 11. Nxe4 Bg7 12. Bc4 Ndf6 13. Nxf6+ Bxf6 14.
Qb3 O-O 15. Bh6 Bg7 16. Bxg7 Nxg7 17. O-O Be6 18. Bxe6 Nxe6 19. Qxb7 Nxd4
20. Nxd4 Qxd4 21. Qxe7 Qxb2 22. Rfb1 Qc3 23. Rc1 Qa3 24. Qf6 Rac8 25. Rc4
Rfe8 26. h4 Re6 27. Qd4 Qa5 28. Ra4 Rd8 29. Rxa5 Rxd4 30. Rxa6 Rxh4 31.
Ra8+ Kg7 32. a4 g5 33. g3 Rh5 34. a5 Reh6 35. Ra4 Rh1+ 36. Kg2 R1h2+ 37.
Kg1 Rh1+ 38. Kg2 R6h2+ 39. Kf3 Rc1 40. a6 Rc2 1/2-1/2

[Event "6th EICC"]
[Site "Warsaw POL"]
[Date "2005.06.18"]
[Round "1"]
[White "Mastrovasilis,D"]
[Black "Citak,S"]
[Result "1-0"]
[WhiteElo "2562"]
[BlackElo "2351"]
[EventDate "2005.06.18"]

1. e4 e5 2. Nf3 Nf6 3. d4 Nxe4 4. Bd3 d5 5. Nxe5 Nd7 6. Nxd7 Bxd7 7. O-O
Qh4 8. c4 O-O-O 9. c5 g6 10. Nc3 Bg7 11. Ne2 Rde8 12. Be3 g5 13. Qc1 Re6
14. f3 Rh6 15. fxe4 dxe4 16. Bc4 Qxh2+ 17. Kf2 Bh3 18. Ke1 Bxg2 19. Rxf7
Rf6 20. Rxf6 Bxf6 21. Kd2 h5 22. Be6+ Kd8 23. Qg1 Qxg1 24. Rxg1 Bf3 25.
Bxg5 Ke7 26. Nf4 h4 27. Bxf6+ Kxf6 28. Rg6+ Ke7 29. Ke3 1-0

[Event "6th EICC"]
[Site "Warsaw POL"]
[Date "2005.06.18"]
[Round "1"]
[White "Neverov,V"]
[Black "Lanzani,M"]
[Result "1/2-1/2"]
[WhiteElo "2566"]
[BlackElo "2356"]
[EventDate "2005.06.18"]

1. Nf3 d5 2. c4 e6 3. b3 Be7 4. Bb2 Bf6 5. Nc3 Ne7 6. g3 c5 7. Bg2 Nbc6 8.
O-O Bxc3 9. Bxc3 d4 10. Bb2 e5 11. b4 cxb4 12. a3 bxa3 13. Rxa3 O-O 14. e3
Be6 15. Qa4 Nf5 16. Re1 Nd6 17. d3 dxe3 18. fxe3 e4 19. Ne5 Qf6 20. Rf1 Qg5
21. Nxc6 Qxe3+ 22. Kh1 bxc6 23. Qxc6 Qb6 24. Qxb6 axb6 25. Rxa8 Rxa8 26.
Be5 Rd8 27. Bxd6 Rxd6 28. Bxe4 f5 29. Bxf5 Bxf5 30. Rxf5 Rxd3 1/2-1/2

[Event "6th EICC"]
[Site "Warsaw POL"]
[Date "2005.06.18"]
[Round "1"]
[White "Warakomski,T"]
[Black "Stefansson,H"]
[Result "0-1"]
[WhiteElo "2384"]
[BlackElo "2573"]
[EventDate "2005.06.18"]

1. e4 c5 2. Nf3 e6 3. d4 cxd4 4. Nxd4 a6 5. Bd3 Bc5 6. Nb3 Be7 7. O-O d6 8.
f4 Nd7 9. Qf3 Ngf6 10. Nc3 Qc7 11. a4 b6 12. Be3 Bb7 13. Rae1 O-O 14. Nd4
Nc5 15. g4 d5 16. e5 Nfe4 17. Bxe4 Nxe4 18. Nce2 Bc5 19. g5 Qd7 20. Qh5 g6
21. Qh4 Qxa4 22. Rf3 Rfe8 23. Nc3 Qd7 24. Rh3 h5 25. gxh6 Qe7 26. Qg4 Rac8
27. Nce2 b5 28. Rd1 b4 29. Ng3 Kh7 30. Nh5 Rg8 31. Nf6+ Nxf6 32. exf6 Qxf6
33. Qe2 Bxd4 34. Bxd4 Qf5 35. c3 0-1

[Event "6th EICC"]
[Site "Warsaw POL"]
[Date "2005.06.18"]
[Round "1"]
[White "Skurski,J"]
[Black "Grigoriants,S RUS"]
[Result "1/2-1/2"]
[WhiteElo "2299"]
[BlackElo "2553"]
[EventDate "2005.06.18"]

1. e4 c5 2. Nf3 Nc6 3. d4 cxd4 4. Nxd4 e6 5. Nc3 d6 6. Be2 Nf6 7. O-O Be7
8. Be3 Bd7 9. f4 Nxd4 10. Bxd4 Bc6 11. Bd3 O-O 12. Rf3 Nd7 13. Nd5 exd5 14.
exd5 Bf6 15. Bf2 Re8 16. dxc6 bxc6 17. c3 d5 18. Kh1 h6 19. Qa4 Qc7 20. Rg1
Nf8 21. g4 g6 22. h4 Rab8 23. g5 hxg5 24. hxg5 Bg7 25. Qc2 c5 26. f5 c4
1/2-1/2

[Event "6th EICC"]
[Site "Warsaw POL"]
[Date "2005.06.18"]
[Round "1"]
[White "Kritz,L"]
[Black "Leniart,A"]
[Result "1-0"]
[WhiteElo "2549"]
[BlackElo "2279"]
[EventDate "2005.06.18"]

1. e4 e5 2. Nf3 Nc6 3. d4 exd4 4. Nxd4 Qf6 5. Nxc6 Bc5 6. Qd2 dxc6 7. Qf4
Qe7 8. Bd3 Nf6 9. Be3 Bxe3 10. Qxe3 Qb4+ 11. Nd2 Qxb2 12. O-O Ng4 13. Qg3
Qe5 14. f4 Qc5+ 15. Kh1 h5 16. h3 h4 17. Qe1 Nf6 18. e5 Nd5 19. c4 Qe3 20.
cxd5 Qxd3 21. dxc6 Qd5 22. cxb7 Bxb7 23. Nf3 O-O-O 24. Qf2 Qe4 25. Qxa7 Rd2
26. Rab1 Rc2 27. Rb3 Rh6 28. Rfb1 Bd5 29. Qb8+ Kd7 30. Rd1 Rhc6 31. Rbd3
R6c5 32. Qb7 Ke7 33. Rxd5 Qe2 34. Rd7+ 1-0

[Event "6th EICC"]
[Site "Warsaw POL"]
[Date "2005.06.18"]
[Round "1"]
[White "Szoen,D"]
[Black "Fedorov,Alex"]
[Result "0-1"]
[WhiteElo "2444"]
[BlackElo "2602"]
[EventDate "2005.06.18"]

1. e4 c5 2. Nc3 Nc6 3. Nf3 g6 4. d4 cxd4 5. Nxd4 Bg7 6. Be3 Nf6 7. Nxc6
bxc6 8. e5 Ng8 9. Bd4 Qa5 10. f4 f6 11. Qe2 fxe5 12. Bxe5 Nf6 13. O-O-O O-O
14. Qc4+ Kh8 15. Be2 d6 16. Qxc6 Rb8 17. Bd4 Qb4 18. Nb1 Bf5 19. a3 Rfc8
20. axb4 Rxc6 21. Bc3 Rxb4 22. Bf3 Rc7 23. g3 Ra4 24. Rhe1 h5 25. Re2 Ra1
26. Kd2 e5 27. fxe5 dxe5 28. Ke1 e4 29. Bxf6 Bxf6 30. Bxe4 Bg4 31. b3 Re7
32. Bd3 Bxe2 33. Bxe2 Ra2 34. Rc1 Bg5 35. Nd2 a5 0-1